[Event "Main Tournament (HTO)"]
[Site "Biel/Bienne"]
[Date "2023.07.18"]
[Round "2.1"]
[White "Hansel, Rainer"]
[Black "Mamalis, Prokopios"]
[Result "1/2-1/2"]
[WhiteElo "1905"]
[BlackElo "2146"]
[PlyCount "72"]
[EventDate "2023.07.17"]

{[%evp 0,72,34,20,21,19,19,19,32,19,18,18,59,36,45,32,35,29,31,14,42,27,23,-2,38,19,37,45,62,73,68,59,69,58,69,66,69,61,56,-3,6,0,-6,0,0,6,8,0,-1,0,0,-28,-25,-8,12,-25,-25,-85,-73,-100,-14,-14,0,0,0,0,0,0,0,0,0,0,89,53,89]} 1. d4 {[%emt 0:00:03]} Nf6 {[%emt 0:00:32]} 2. Nf3 {[%emt 0:00:21]} e6 {[%emt 0:00:42]} 3. g3 {[%emt 0:00:15]} b6 {[%emt 0:04:37]} 4. Bg2 {[%emt 0:00:25]} Bb7 {[%emt 0:00:40]} 5. O-O {[%emt 0:00:16]} g6 {[%emt 0:04:39]} 6. c4 {[%emt 0:04:20]} Bg7 {[%emt 0:02:41]} 7. Nc3 {[%emt 0:00:27]} O-O {[%emt 0:01:47]} 8. Qc2 {[%emt 0:03:36]} d6 {[%emt 0:19:17]} 9. b3 {[%emt 0:08:14]} Qe7 {[%emt 0:06:07]} 10. Bb2 {[%emt 0:03:26]} c5 {[%emt 0:03:49]} 11. e4 {[%emt 0:05:23]} Nbd7 {[%emt 0:15:29]} 12. Rfe1 {[%emt 0:01:58]} Rac8 {[%emt 0:07:45]} 13. d5 {[%emt 0:11:28]} e5 {[%emt 0:00:51]} 14. Bc1 {[%emt 0:07:38]} h6 {[%emt 0:00:44]} 15. Nh4 {[%emt 0:04:26]} a6 {[%emt 0:05:20]} 16. a4 {[%emt 0:01:52]} Rb8 {[%emt 0:02:27]} 17. Bh3 {[%emt 0:09:33]} Bc8 {[%emt 0:01:33]} 18. Be3 {[%emt 0:03:30]} Nh5 {[%emt 0:02:06]} 19. Qe2 {[%emt 0:11:02]} Nf4 {[%emt 0:07:40]} 20. Qf1 {[%emt 0:04:50]} Nxh3+ {[%emt 0:00:58]} 21. Qxh3 {[%emt 0:00:10]} Nf6 {[%emt 0:00:34]} 22. Qf1 {[%emt 0:01:35]} Nh7 {[%emt 0:00:35]} 23. f3 {[%emt 0:03:35]} Ng5 {[%emt 0:03:33]} 24. Rac1 {[%emt 0:01:47]} Kh7 {[%emt 0:00:56]} 25. g4 {[%emt 0:07:01]} f5 {[%emt 0:03:39]} 26. exf5 {[%emt 0:02:06]} gxf5 {[%emt 0:00:07]} 27. gxf5 {[%emt 0:01:45]} Bxf5 {[%emt 0:00:11]} 28. Bxg5 {[%emt 0:00:26]} Qxg5+ {[%emt 0:00:11]} 29. Ng2 {[%emt 0:00:04]} e4 {[%emt 0:02:02]} 30. Nxe4 {[%emt 0:00:15]} Bxe4 {[%emt 0:00:10]} 31. Rxe4 {[%emt 0:00:12]} Rxf3 32. Qxf3 Qxc1+ {[%emt 0:00:04]} 33. Re1 {[%emt 0:00:06]} Qd2 {[%emt 0:00:27]} 34. Qe4+ {[%emt 0:00:52]} Kh8 {[%emt 0:00:09]} 35. Nf4 {[%emt 0:00:49]} Qd4+ {[%emt 0:00:22]} 36. Kg2 {[%emt 0:00:32]} Qxe4+ 1/2-1/2

[Event "Main Tournament (HTO)"]
[Site "Biel/Bienne"]
[Date "2023.07.18"]
[Round "2.2"]
[White "Khanabiev, Alexey"]
[Black "Eschmann, Pascal"]
[Result "1-0"]
[WhiteElo "2079"]
[BlackElo "1902"]
[PlyCount "61"]
[EventDate "2023.07.17"]

1. e4 {[%emt 0:00:02]} c6 {[%emt 0:00:49]} 2. d4 {[%emt 0:00:26]} d5 {[%emt 0:00:18]} 3. exd5 {[%emt 0:01:33]} cxd5 {[%emt 0:00:17]} 4. Bd3 {[%emt 0:00:03]} Nc6 {[%emt 0:01:03]} 5. c3 {[%emt 0:00:08]} Nf6 {[%emt 0:01:54]} 6. Bf4 {[%emt 0:02:44]} Bg4 {[%emt 0:04:12]} 7. Ne2 {[%emt 0:03:05]} Bxe2 {[%emt 0:03:59]} 8. Qxe2 {[%emt 0:00:12]} e6 {[%emt 0:00:28]} 9. Nd2 {[%emt 0:03:21]} Bd6 {[%emt 0:02:50]} 10. Bg5 {[%emt 0:06:24]} h6 {[%emt 0:01:46]} 11. Bh4 {[%emt 0:00:11]} a6 {[%emt 0:04:38]} 12. Nf3 {[%emt 0:00:58]} Qc7 {[%emt 0:06:38]} 13. O-O {[%emt 0:01:13]} O-O-O {[%emt 0:05:34]} 14. b4 {[%emt 0:01:29]} g5 {[%emt 0:01:35]} 15. Bg3 {[%emt 0:00:08]} Nh5 {[%emt 0:00:29]} 16. a4 {[%emt 0:02:43]} Nf4 {[%emt 0:02:00]} 17. Bxf4 {[%emt 0:00:11]} gxf4 {[%emt 0:01:09]} 18. b5 {[%emt 0:00:20]} axb5 {[%emt 0:05:25]} 19. axb5 {[%emt 0:03:11]} Nb8 {[%emt 0:15:57]} 20. c4 {[%emt 0:00:14]} dxc4 {[%emt 0:01:15]} 21. Rfc1 {[%emt 0:04:35]} Kd7 {[%emt 0:06:12]} 22. Bxc4 {[%emt 0:00:59]} Qb6 {[%emt 0:00:30]} 23. d5 {[%emt 0:08:30]} Rhe8 {[%emt 0:03:18]} 24. dxe6+ {[%emt 0:00:22]} fxe6 {[%emt 0:02:09]} 25. Rd1 {[%emt 0:01:37]} Kc7 {[%emt 0:00:59]} 26. Rac1 {[%emt 0:00:51]} Bc5 {[%emt 0:01:18]} 27. Qe5+ {[%emt 0:02:01]} Rd6 {[%emt 0:03:10]} 28. Bxe6 {[%emt 0:16:59]} Nd7 {[%emt 0:03:08]} 29. Qxd6+ {[%emt 0:00:13]} Qxd6 {[%emt 0:04:19]} 30. Rxd6 {[%emt 0:00:02]} Kxd6 {[%emt 0:01:10]} 31. Bxd7 1-0

[Event "Main Tournament (HTO)"]
[Site "Biel/Bienne"]
[Date "2023.07.18"]
[Round "2.3"]
[White "Novalic, Miralem"]
[Black "Aegerter, Fabrice"]
[Result "1-0"]
[WhiteElo "2028"]
[BlackElo "1844"]
[PlyCount "103"]
[EventDate "2023.07.17"]

1. c4 {[%emt 0:00:03]} f5 {[%emt 0:00:28]} 2. Nc3 {[%emt 0:00:39]} e6 {[%emt 0:00:14]} 3. d4 {[%emt 0:00:28]} Nf6 {[%emt 0:00:25]} 4. Bg5 {[%emt 0:00:23]} Bb4 {[%emt 0:11:32]} 5. Rc1 {[%emt 0:01:11]} O-O {[%emt 0:01:55]} 6. Nf3 {[%emt 0:02:05]} d6 {[%emt 0:04:19]} 7. a3 {[%emt 0:01:46]} Bxc3+ {[%emt 0:01:20]} 8. Rxc3 {[%emt 0:00:05]} Nbd7 {[%emt 0:03:04]} 9. g3 {[%emt 0:01:25]} Qe8 {[%emt 0:02:47]} 10. Bxf6 {[%emt 0:01:53]} Nxf6 {[%emt 0:00:48]} 11. Bg2 {[%emt 0:00:28]} Bd7 {[%emt 0:11:31]} 12. O-O {[%emt 0:01:30]} Rd8 {[%emt 0:20:41]} 13. Nd2 {[%emt 0:05:04]} b6 {[%emt 0:16:23]} 14. e4 {[%emt 0:04:48]} e5 {[%emt 0:00:37]} 15. d5 {[%emt 0:01:40]} f4 {[%emt 0:02:37]} 16. b4 {[%emt 0:00:47]} Bg4 {[%emt 0:01:04]} 17. f3 {[%emt 0:01:03]} Bc8 {[%emt 0:03:27]} 18. Qe2 {[%emt 0:00:41]} fxg3 {[%emt 0:00:41]} 19. hxg3 {[%emt 0:00:18]} Nh5 {[%emt 0:01:18]} 20. Qf2 {[%emt 0:05:15]} Qg6 {[%emt 0:01:38]} 21. Kh2 {[%emt 0:00:17]} Rf6 {[%emt 0:04:27]} 22. Re1 {[%emt 0:04:22]} Qg5 {[%emt 0:05:13]} 23. Nf1 {[%emt 0:00:40]} Rdf8 {[%emt 0:01:06]} 24. Qd2 {[%emt 0:01:37]} Qg6 {[%emt 0:01:20]} 25. Ree3 {[%emt 0:02:51]} Qh6 {[%emt 0:01:07]} 26. Kg1 {[%emt 0:00:23]} Rg6 {[%emt 0:00:32]} 27. Qe1 {[%emt 0:00:56]} Qg5 {[%emt 0:01:10]} 28. Re2 {[%emt 0:04:12]} Nxg3 {[%emt 0:00:41]} 29. Nxg3 {[%emt 0:00:06]} Qxg3 {[%emt 0:00:16]} 30. Qxg3 {[%emt 0:00:08]} Rxg3 {[%emt 0:00:07]} 31. Kh2 {[%emt 0:00:13]} Rg6 {[%emt 0:00:30]} 32. c5 {[%emt 0:00:09]} Rgf6 {[%emt 0:01:51]} 33. cxb6 {[%emt 0:00:13]} cxb6 {[%emt 0:00:08]} 34. Rc7 {[%emt 0:01:03]} R6f7 {[%emt 0:00:29]} 35. Rc6 {[%emt 0:00:29]} Rd8 {[%emt 0:01:08]} 36. Rec2 {[%emt 0:01:45]} Bb7 {[%emt 0:00:14]} 37. Rc7 {[%emt 0:01:13]} Rdd7 {[%emt 0:00:27]} 38. R7c3 {[%emt 0:00:41]} Rfe7 {[%emt 0:01:00]} 39. Bh3 {[%emt 0:00:27]} Rd8 {[%emt 0:00:15]} 40. Rc7 {[%emt 0:01:11]} Rxc7 {[%emt 0:00:57]} 41. Rxc7 {[%emt 0:00:07]} Ba6 {[%emt 0:06:39]} 42. Rxa7 {[%emt 0:00:08]} Be2 {[%emt 0:01:02]} 43. Kg3 {[%emt 0:00:28]} h5 {[%emt 0:04:42]} 44. a4 {[%emt 0:04:53]} Rf8 {[%emt 0:06:04]} 45. Be6+ {[%emt 0:00:35]} Kh7 {[%emt 0:01:51]} 46. Rf7 {[%emt 0:01:58]} Ra8 {[%emt 0:03:27]} 47. Bf5+ {[%emt 0:01:58]} Kh6 {[%emt 0:01:05]} 48. Rd7 {[%emt 0:00:16]} Kg5 {[%emt 0:08:34]} 49. Rxd6 {[%emt 0:01:57]} h4+ {[%emt 0:00:43]} 50. Kf2 {[%emt 0:00:13]} Bd1 {[%emt 0:00:28]} 51. Rg6+ {[%emt 0:00:31]} Kh5 {[%emt 0:00:27]} 52. Rxb6 1-0

[Event "Main Tournament (HTO)"]
[Site "Biel/Bienne"]
[Date "2023.07.18"]
[Round "2.4"]
[White "Mirski, Michal"]
[Black "Bangerter, Daria"]
[Result "1-0"]
[WhiteElo "1993"]
[BlackElo "1802"]
[PlyCount "75"]
[EventDate "2023.07.17"]

{[%evp 0,44,27,32,43,45,95,32,85,74,52,53,31,45,58,31,22,1,1,0,8,-2,31,-18,-10,0,0,13,23,31,21,21,51,57,89,69,119,143,146,146,151,135,82,108,146,153,182]} 1. e4 {[%emt 0:02:13]} c5 {[%emt 0:00:14]} 2. Nf3 {[%emt 0:00:05]} g6 {[%emt 0:00:14]} 3. c3 {[%emt 0:02:32]} Bg7 {[%emt 0:01:29]} 4. d4 {[%emt 0:00:06]} cxd4 {[%emt 0:01:02]} 5. cxd4 {[%emt 0:00:05]} d5 {[%emt 0:01:27]} 6. e5 {[%emt 0:02:39]} Nh6 {[%emt 0:04:18]} 7. Nc3 {[%emt 0:01:23]} Nc6 {[%emt 0:05:37]} 8. Qb3 {[%emt 0:03:40]} Nf5 {[%emt 0:03:47]} 9. Be3 {[%emt 0:03:10]} O-O {[%emt 0:10:32]} 10. Bd3 {[%emt 0:07:11]} Rb8 {[%emt 0:18:47]} 11. h3 {[%emt 0:16:34]} Be6 {[%emt 0:03:53]} 12. Bxf5 {[%emt 0:09:30]} Bxf5 {[%emt 0:03:34]} 13. Qxd5 {[%emt 0:01:58]} Nb4 {[%emt 0:02:35]} 14. Qxd8 {[%emt 0:00:55]} Rfxd8 {[%emt 0:01:25]} 15. O-O {[%emt 0:04:13]} Nc2 {[%emt 0:10:04]} 16. Rac1 {[%emt 0:02:15]} b5 {[%emt 0:01:40]} 17. g4 {[%emt 0:05:37]} b4 {[%emt 0:07:06]} 18. gxf5 {[%emt 0:06:00]} Nxe3 {[%emt 0:00:24]} 19. fxe3 {[%emt 0:00:10]} bxc3 {[%emt 0:00:11]} 20. bxc3 {[%emt 0:01:57]} Bh6 {[%emt 0:01:10]} 21. Rfe1 {[%emt 0:02:30]} gxf5 {[%emt 0:00:56]} 22. Rc2 {[%emt 0:01:32]} Rd5 {[%emt 0:03:49]} 23. c4 {[%emt 0:01:06]} Ra5 {[%emt 0:00:20]} 24. c5 {[%emt 0:00:56]} Rab5 {[%emt 0:01:52]} 25. Kf2 {[%emt 0:01:48]} e6 {[%emt 0:01:54]} 26. Ke2 {[%emt 0:08:16]} Kf8 {[%emt 0:01:38]} 27. Nd2 {[%emt 0:00:58]} Rb2 {[%emt 0:02:06]} 28. Kd3 {[%emt 0:00:36]} f4 {[%emt 0:03:20]} 29. e4 {[%emt 0:02:44]} Ke7 {[%emt 0:02:14]} 30. Nf3 {[%emt 0:04:20]} a5 {[%emt 0:05:35]} 31. Rec1 {[%emt 0:01:59]} Kd7 {[%emt 0:00:48]} 32. d5 {[%emt 0:00:37]} exd5 {[%emt 0:01:31]} 33. exd5 {[%emt 0:00:06]} Bf8 {[%emt 0:00:33]} 34. c6+ {[%emt 0:00:21]} Kc8 {[%emt 0:00:13]} 35. d6 {[%emt 0:00:29]} Rxc2 {[%emt 0:00:47]} 36. Rxc2 {[%emt 0:00:11]} f6 {[%emt 0:00:38]} 37. d7+ {[%emt 0:01:19]} Kc7 {[%emt 0:00:12]} 38. exf6 1-0

[Event "Main Tournament (HTO)"]
[Site "Biel/Bienne"]
[Date "2023.07.18"]
[Round "2.5"]
[White "Vihan, Shourya"]
[Black "Luethi, Walter"]
[Result "1-0"]
[WhiteElo "1952"]
[BlackElo "1641"]
[PlyCount "37"]
[EventDate "2023.07.17"]

1. d4 d5 2. c4 e6 3. Nc3 c5 4. cxd5 exd5 5. Nf3 Nc6 6. dxc5 d4 7. Na4 Bxc5 8. Nxc5 Qa5+ 9. Bd2 Qxc5 10. e3 dxe3 11. Bxe3 Qb4+ 12. Qd2 Qxd2+ 13. Bxd2 Bg4 14. Be2 Bxf3 15. Bxf3 Nd4 16. Bc3 Nxf3+ 17. gxf3 f6 18. O-O-O Nh6 19. Rhe1+ 1-0

[Event "Main Tournament (HTO)"]
[Site "Biel/Bienne"]
[Date "2023.07.18"]
[Round "2.6"]
[White "Malli, Shiivesh Sunil"]
[Black "Zargarov, Mikayel"]
[Result "1-0"]
[WhiteElo "1835"]
[BlackElo "1951"]
[PlyCount "93"]
[EventDate "2023.07.17"]

1. c4 e5 2. Nc3 Nc6 3. g3 f5 4. Bg2 Nf6 5. d3 Bb4 6. Bd2 O-O 7. e3 d6 8. Nge2 Qe8 9. O-O Bxc3 10. Bxc3 Be6 11. b3 Rd8 12. d4 d5 13. c5 e4 14. b4 g5 15. b5 Nb8 16. c6 bxc6 17. Ba5 Rd7 18. Rc1 Rg7 19. Qa4 Qh5 20. Rc2 f4 21. exf4 Bg4 22. fxg5 Bxe2 23. gxf6 Rxf6 24. Rxe2 Qxe2 25. bxc6 Rgf7 26. Be1 Nxc6 27. Qb3 Rf5 28. Qc3 R7f6 29. Qc5 Qxa2 30. Bh3 Rf3 31. Bg4 Rb3 32. Qxd5+ Kg7 33. Qd7+ Kg6 34. Be6 Nxd4 35. Bxb3 Nf3+ 36. Kh1 Qe2 37. Qg4+ Kh6 38. Qh3+ Kg5 39. Bb4 Nxh2 40. Kxh2 Rh6 41. Be7+ Kg6 42. Bf7+ Kxf7 43. Qxh6 Qxf1 44. Qxh7+ Ke8 45. Bc5 Kd8 46. Qxe4 Qd1 47. Bxa7 1-0

[Event "Main Tournament (HTO)"]
[Site "Biel/Bienne"]
[Date "2023.07.18"]
[Round "2.7"]
[White "Long, Siyu"]
[Black "Yang, Adelynne"]
[Result "1-0"]
[WhiteElo "1805"]
[BlackElo "1923"]
[PlyCount "121"]
[EventDate "2023.07.17"]

1. e4 c6 2. d4 d5 3. exd5 cxd5 4. Nf3 Nf6 5. Ne5 g6 6. c3 Bg7 7. Bb5+ Nbd7 8. O-O O-O 9. Bf4 Nh5 10. Nxd7 Bxd7 11. Bxd7 Qxd7 12. Bg3 Nxg3 13. hxg3 Qb5 14. Qd2 Rac8 15. Na3 Qb6 16. Rab1 e6 17. Nc2 Qa5 18. Nb4 Rc4 19. a3 Rfc8 20. Qe3 Qc7 21. Nd3 b6 22. Rbe1 a5 23. g4 Qe7 24. Ne5 R4c7 25. g5 b5 26. Nd3 Re8 27. Qf4 Rc4 28. Re3 f6 29. gxf6 Bxf6 30. Re2 Qg7 31. Rfe1 Rc6 32. Qg4 Qd7 33. Qh3 Qd6 34. Qf3 Bg7 35. Qg4 Bh6 36. Nc5 e5 37. Rxe5 Rxe5 38. Rxe5 Bg7 39. Re6 Qc7 40. Qf3 Rxe6 41. Qxd5 Qf7 42. Qxe6 Qxe6 43. Nxe6 Bh6 44. Nc7 Bc1 45. Nxb5 Bxb2 46. Kf1 Bc1 47. a4 Kf7 48. Ke2 Ke6 49. c4 h5 50. Kf3 g5 51. d5+ Ke5 52. d6 Ke6 53. c5 Kd7 54. Ke4 Bf4 55. Kd5 h4 56. c6+ Kc8 57. Na7+ Kb8 58. c7+ Kxa7 59. c8=Q g4 60. Kc6 h3 61. Qb7# 1-0

[Event "Main Tournament (HTO)"]
[Site "Biel/Bienne"]
[Date "2023.07.18"]
[Round "2.8"]
[White "Sai, Mahati A"]
[Black "Jud, Marc"]
[Result "1-0"]
[WhiteElo "1669"]
[BlackElo "1906"]
[PlyCount "175"]
[EventDate "2023.07.17"]

1. d4 d5 2. c4 e6 3. Nf3 Nf6 4. Nc3 Be7 5. Bf4 O-O 6. e3 a6 7. c5 Nc6 8. a3 Nh5 9. Bd3 Nxf4 10. exf4 h6 11. O-O Bd7 12. Bc2 f5 13. b4 Bf6 14. Ne5 Bxe5 15. fxe5 Na7 16. f4 Nb5 17. Ne2 c6 18. Kh1 Nc7 19. Rb1 Qe7 20. Rg1 h5 21. Qd3 g6 22. Nc1 Kh8 23. Qh3 Qh7 24. Rb3 Rg8 25. Qh4 Rae8 26. Rh3 Qe7 27. Qg3 Nb5 28. Qf2 Kg7 29. a4 Nc7 30. Nb3 Rb8 31. a5 Rbe8 32. Nd2 Ref8 33. Nf3 Kf7 34. Ng5+ Ke8 35. Ra1 Kd8 36. Kg1 Kc8 37. Kf1 Rg7 38. Ke2 Kb8 39. Kd2 Ka8 40. Bd3 Rc8 41. Kc2 Qe8 42. Kb3 Qe7 43. Nf3 Ka7 44. Rg3 Rcg8 45. Rg5 Qe8 46. Nh4 Qe7 47. h3 Be8 48. Rg1 Nb5 49. Bxb5 cxb5 50. Nf3 Rf8 51. Qh4 Ka8 52. Rg3 Qxh4 53. Nxh4 Rfg8 54. Nf3 Kb8 55. Kc3 Kc7 56. Kd3 Kd7 57. Ke3 Ke7 58. Rg5 Rf8 59. g4 fxg4 60. hxg4 Rgf7 61. Rxg6 Rxf4 62. Rg7+ R8f7 63. Rxf7+ Rxf7 64. gxh5 Rh7 65. h6 Rxh6 66. Rg7+ Kd8 67. Rxb7 Bd7 68. Rb6 Bc8 69. Ng5 Rg6 70. Kf4 Kc7 71. Rd6 Rh6 72. Kg4 Rh1 73. Nxe6+ Bxe6+ 74. Rxe6 Rd1 75. Rxa6 Rxd4+ 76. Kf5 Rxb4 77. e6 Re4 78. Rd6 Rh4 79. e7 Rh8 80. Rxd5 b4 81. Rd4 b3 82. Rb4 Kc6 83. Rxb3 Rh5+ 84. Kf6 Rh6+ 85. Kf7 Rh7+ 86. Kf8 Rh8+ 87. Kg7 Re8 88. Kf7 1-0

[Event "Main Tournament (HTO)"]
[Site "Biel/Bienne"]
[Date "2023.07.18"]
[Round "2.9"]
[White "Keymer, Cecilia"]
[Black "Wiesmann, Dominique"]
[Result "0-1"]
[WhiteElo "1698"]
[BlackElo "1964"]
[PlyCount "78"]
[EventDate "2023.07.17"]

1. d4 Nf6 2. c4 e6 3. Nf3 d5 4. Nc3 c5 5. cxd5 Nxd5 6. e4 Nxc3 7. bxc3 cxd4 8. cxd4 Bb4+ 9. Bd2 Bxd2+ 10. Qxd2 O-O 11. Bc4 Nd7 12. O-O b6 13. Rfe1 Bb7 14. Rad1 Rc8 15. Qb4 Nf6 16. Bd3 Qc7 17. Bb1 Qf4 18. Qd2 Qg4 19. h3 Qh5 20. Qe3 Qa5 21. Rc1 Rfd8 22. Red1 Qb4 23. Qe2 Qa3 24. Rxc8 Rxc8 25. Re1 Rc1 26. Qd2 Rxe1+ 27. Qxe1 g6 28. Nd2 Qc3 29. Qe3 Qb2 30. f3 a5 31. Qd3 a4 32. Kf2 Ba6 33. Qe3 b5 34. a3 b4 35. axb4 a3 36. Kg3 a2 37. Bxa2 Qxa2 38. Qc3 Nh5+ 39. Kf2 Nf4 0-1

[Event "Main Tournament (HTO)"]
[Site "Biel/Bienne"]
[Date "2023.07.18"]
[Round "2.10"]
[White "Pleyer, Felix"]
[Black "Materia, Matteo"]
[Result "0-1"]
[WhiteElo "1957"]
[BlackElo "1780"]
[PlyCount "136"]
[EventDate "2023.07.17"]

1. e4 e5 2. d4 exd4 3. Nf3 Nc6 4. Bc4 Nf6 5. e5 d5 6. Bb5 Ne4 7. Nxd4 Bc5 8. O-O Bd7 9. Bxc6 bxc6 10. Nb3 Bb6 11. N1d2 Nxd2 12. Bxd2 O-O 13. Bc3 Be6 14. Bd4 Qe7 15. Bxb6 axb6 16. f4 g6 17. Qe2 c5 18. Nd2 f5 19. h3 Kh8 20. Kh2 Rf7 21. Nf3 Rg7 22. a4 Rgg8 23. Ra3 Ra5 24. Rfa1 Rga8 25. Ng5 h6 26. Nf3 Kg7 27. Qf2 Qe8 28. Qh4 Qd8 29. Qg3 Qd7 30. Nh4 Qf7 31. Qf2 Kh7 32. Nf3 Qe7 33. c3 Bd7 34. e6 Bxe6 35. b4 cxb4 36. cxb4 Qxb4 37. Qh4 Kg7 38. Re3 Bf7 39. Rae1 Rxa4 40. Re7 Qxf4+ 41. Qxf4 Rxf4 42. Rxc7 Re4 43. Rd1 Rae8 44. Rxd5 R8e7 45. Rdd7 Rxd7 46. Rxd7 b5 47. Rb7 b4 48. Nd2 Re2 49. Nf3 b3 50. Nd4 Re3 51. Kg1 Kf6 52. Kf2 Rd3 53. Nf3 Rd6 54. Rb4 Ra6 55. Ke3 Ra3 56. Rb6+ Kg7 57. Kf4 Ra4+ 58. Ke3 Re4+ 59. Kd2 Bc4 60. g3 Re2+ 61. Kd1 Re6 62. Rxe6 Bxe6 63. Nd2 Kf6 64. Ke2 b2 65. Kd1 Ba2 66. Kc2 b1=Q+ 67. Nxb1 Bxb1+ 68. Kxb1 Ke5 0-1

[Event "Main Tournament (HTO)"]
[Site "Biel/Bienne"]
[Date "2023.07.18"]
[Round "2.11"]
[White "Brait, Wolfgang"]
[Black "Maitre, Fabien"]
[Result "1-0"]
[WhiteElo "1915"]
[BlackElo "1813"]
[PlyCount "81"]
[EventDate "2023.07.17"]

1. d4 Nf6 2. c4 g6 3. Nc3 d5 4. Qb3 e6 5. Nf3 Bg7 6. Qa3 Qe7 7. b3 Qxa3 8. Bxa3 c6 9. e3 Ne4 10. Rc1 Nxc3 11. Rxc3 Nd7 12. Bd6 Nf6 13. Nd2 Ne4 14. Nxe4 dxe4 15. Be2 Bf8 16. Bxf8 Kxf8 17. f3 exf3 18. gxf3 Kg7 19. h4 h6 20. Kf2 Bd7 21. Rcc1 Rac8 22. e4 Kf6 23. e5+ Ke7 24. Ke3 Rhg8 25. Rcg1 b5 26. Rc1 a6 27. Rc2 f6 28. f4 f5 29. Bf3 Kf7 30. Rhc1 Ke7 31. cxb5 cxb5 32. d5 exd5 33. Bxd5 Rxc2 34. Rxc2 Rc8 35. Rxc8 Bxc8 36. b4 Be6 37. Kd4 Bxd5 38. Kxd5 g5 39. fxg5 hxg5 40. hxg5 f4 41. Ke4 1-0

[Event "Main Tournament (HTO)"]
[Site "Biel/Bienne"]
[Date "2023.07.18"]
[Round "2.12"]
[White "Corbat, Philippe"]
[Black "Zarriess, Benjamin"]
[Result "1/2-1/2"]
[WhiteElo "1880"]
[BlackElo "1698"]
[PlyCount "87"]
[EventDate "2023.07.17"]

1. e4 e5 2. Nf3 Nf6 3. Nxe5 Nxe4 4. Qe2 Qe7 5. Qxe4 d6 6. d4 dxe5 7. dxe5 Nc6 8. Nc3 Qxe5 9. Bf4 Qxe4+ 10. Nxe4 Bb4+ 11. c3 Ba5 12. Bc4 O-O 13. O-O Bf5 14. Ng3 Bg6 15. h4 h6 16. h5 Bh7 17. b4 Bb6 18. Rfe1 Rfe8 19. a4 a5 20. b5 Ne7 21. Rad1 Rac8 22. Rd7 Kf8 23. Bc1 Bc5 24. Bb3 Red8 25. Rdd1 Bd6 26. Ne4 Bxe4 27. Rxe4 b6 28. Rde1 Re8 29. Bf4 Bxf4 30. Rxf4 f6 31. Be6 Rcd8 32. c4 Nc8 33. Rfe4 Nd6 34. R4e3 Nb7 35. Bf5 Nc5 36. Bg6 Rxe3 37. Rxe3 Nxa4 38. Re6 Nc5 39. Re3 a4 40. g4 Ra8 41. Ra3 Rd8 42. Re3 Ra8 43. Ra3 Rd8 44. Re3 1/2-1/2

[Event "Main Tournament (HTO)"]
[Site "Biel/Bienne"]
[Date "2023.07.18"]
[Round "2.13"]
[White "Kumar, Asha"]
[Black "Sala, Matteo"]
[Result "1-0"]
[WhiteElo "1823"]
[BlackElo "1874"]
[PlyCount "73"]
[EventDate "2023.07.17"]

1. d4 Nf6 2. c4 g6 3. Nc3 d5 4. cxd5 Nxd5 5. e4 Nxc3 6. bxc3 Bg7 7. Nf3 c5 8. Be3 Qa5 9. Qd2 O-O 10. Rc1 Nc6 11. d5 Rd8 12. Be2 e5 13. O-O Ne7 14. Bh6 Qc7 15. Bxg7 Kxg7 16. Rfd1 Qd6 17. Qb2 b6 18. a4 a6 19. Nd2 Bd7 20. Nc4 Qf6 21. Nxb6 Rab8 22. a5 Nc8 23. Rb1 Nxb6 24. axb6 Bb5 25. c4 Bd7 26. Rd3 Qd6 27. Rb3 Rb7 28. Ra3 Ra8 29. Ra5 f5 30. f4 Kf6 31. fxe5+ Qxe5 32. Rxc5 Qxb2 33. Rxb2 fxe4 34. Ra5 Ke5 35. c5 Kxd5 36. Rd2+ Kc6 37. Rd6# 1-0

[Event "Main Tournament (HTO)"]
[Site "Biel/Bienne"]
[Date "2023.07.18"]
[Round "2.14"]
[White "Lavorgna, Filippo"]
[Black "Ernst, Heinz"]
[Result "1/2-1/2"]
[WhiteElo "1867"]
[BlackElo "1699"]
[PlyCount "141"]
[EventDate "2023.07.17"]

1. Nf3 d5 2. b3 Nf6 3. Bb2 c5 4. e3 Nc6 5. Be2 Bg4 6. O-O e6 7. d4 cxd4 8. exd4 Bd6 9. Nbd2 O-O 10. c4 Re8 11. Rc1 Rc8 12. Ne5 Bxe2 13. Qxe2 Nd7 14. f4 f6 15. Nd3 Nb4 16. c5 Nxd3 17. Qxd3 Bb8 18. f5 e5 19. dxe5 Nxc5 20. Qb5 a6 21. Qe2 Bxe5 22. Bxe5 Rxe5 23. Qg4 Ne4 24. Nxe4 dxe4 25. Rcd1 Qb6+ 26. Kh1 Qc6 27. h3 b5 28. Rd4 e3 29. Rfd1 e2 30. Re1 Rce8 31. Rd2 Kf8 32. Kh2 Qc7 33. g3 Qe7 34. Qf3 Re4 35. Kg2 Qe5 36. Rd3 b4 37. Rd7 Qb5 38. Rc7 Qb6 39. Rd7 Qb5 40. Rc7 Qb8 41. Rd7 Qb5 42. Rc7 a5 43. Qh5 Qd5 44. Kh2 Kg8 45. Rc2 Qd3 46. Rc7 Qd5 47. Rc2 g6 48. Qf3 gxf5 49. Kg2 Qe5 50. Rd2 Qb5 51. Kf2 Qc5+ 52. Kg2 Re3 53. Rdxe2 Rxe2+ 54. Rxe2 Rxe2+ 55. Qxe2 Qd5+ 56. Kh2 Qe4 57. Qf2 Qe5 58. Qd2 Kg7 59. Qd7+ Kg6 60. Qd2 f4 61. gxf4 Qc3 62. Qd5 Qc2+ 63. Qg2+ Qxg2+ 64. Kxg2 Kf5 65. Kf3 h6 66. Ke3 Ke6 67. Ke4 f5+ 68. Kd4 Kd6 69. h4 h5 70. Kc4 Kc6 71. Kd4 1/2-1/2

[Event "Main Tournament (HTO)"]
[Site "Biel/Bienne"]
[Date "2023.07.18"]
[Round "2.15"]
[White "Ramadugu, Akshay"]
[Black "Arbinger, Roland"]
[Result "0-1"]
[WhiteElo "1844"]
[BlackElo "2063"]
[PlyCount "62"]
[EventDate "2023.07.17"]

{[%evp 0,48,19,25,19,-2,30,21,35,20,43,45,43,34,30,21,21,11,23,3,7,7,19,0,79,71,64,65,59,59,69,11,38,32,33,1,9,9,43,57,66,-16,-2,-21,-33,-33,-49,-37,26,26,99]} 1. d4 d5 2. c4 c6 3. Nc3 Nf6 4. e3 e6 5. Nf3 Nbd7 6. Bd3 dxc4 7. Bxc4 b5 8. Bd3 a6 9. e4 c5 10. d5 Qb6 11. dxe6 fxe6 12. e5 Nd5 13. Nxd5 exd5 14. Bf5 d4 15. e6 Nf6 16. O-O Be7 17. b4 O-O 18. bxc5 Bxc5 19. Qb3 Re8 20. Ng5 Re7 21. Qd3 h6 22. Ne4 Nxe4 23. Qxe4 Raa7 24. Re1 Bb4 25. Re2 d3 26. Qxd3 Bxe6 27. Be3 Bxf5 28. Qxf5 Qe6 29. Qf4 Bd6 30. Qh4 Rad7 31. g3 Qf5 {Time} 0-1

[Event "Main Tournament (HTO)"]
[Site "Biel/Bienne"]
[Date "2023.07.18"]
[Round "2.16"]
[White "Kleinhenz, Hans-Georg"]
[Black "Koestinger, Paul"]
[Result "0-1"]
[WhiteElo "1803"]
[BlackElo "2023"]
[PlyCount "58"]
[EventDate "2023.07.17"]

1. d4 Nf6 2. Nf3 e6 3. g3 b6 4. Bg2 Bb7 5. O-O Be7 6. c4 O-O 7. Nc3 d5 8. b3 Na6 9. Ne5 c6 10. Bb2 Rc8 11. a3 Nb8 12. b4 dxc4 13. Nxc4 Rc7 14. e3 Ba6 15. Qb3 Nd5 16. Rfc1 Bb7 17. Rd1 Qc8 18. Rac1 Nxc3 19. Bxc3 Nd7 20. a4 c5 21. dxc5 Bxg2 22. Kxg2 bxc5 23. b5 Nb6 24. Ba5 Rb7 25. Ne5 Nd5 26. e4 Nf6 27. Qe3 Re8 28. Nd3 Nd7 29. Ne5 Nxe5 0-1

[Event "Main Tournament (HTO)"]
[Site "Biel/Bienne"]
[Date "2023.07.18"]
[Round "2.17"]
[White "Begdullayev, Tamerlan"]
[Black "Yang, Andersen"]
[Result "0-1"]
[WhiteElo "1783"]
[BlackElo "1955"]
[PlyCount "138"]
[EventDate "2023.07.17"]

1. c4 e6 2. d4 d5 3. Nc3 Be7 4. Nf3 Nf6 5. Bg5 O-O 6. cxd5 exd5 7. e3 Bf5 8. Bxf6 Bxf6 9. Qb3 Qc8 10. Nxd5 Bd8 11. Be2 Be6 12. Bc4 b5 13. Qxb5 c6 14. Qb3 cxd5 15. Bxd5 Ba5+ 16. Nd2 Qd7 17. Bxe6 fxe6 18. Qd3 Nc6 19. O-O Nb4 20. Qa3 Nc6 21. Nf3 Bb4 22. Qa4 Bd6 23. Rac1 Rac8 24. Rc4 Qb7 25. Ng5 e5 26. Qc2 g6 27. Ne4 Be7 28. Rc1 Nb4 29. Qb3 Kg7 30. d5 Rxc4 31. Rxc4 Qxd5 32. Rxb4 Qa5 33. a3 Bxb4 34. Qxb4 Qxb4 35. axb4 Rb8 36. Nc3 Rxb4 37. Nd1 Kf6 38. Kf1 Ke6 39. Ke2 Kd5 40. Kd3 a5 41. f3 a4 42. Nc3+ Ke6 43. Kc2 h5 44. Ne4 Rc4+ 45. Kd2 Rc6 46. Nc3 Ra6 47. h4 a3 48. bxa3 Rxa3 49. g3 Ra1 50. e4 Kd6 51. Ne2 Ra3 52. Ng1 Kc5 53. Ke2 Kd4 54. g4 hxg4 55. fxg4 Re3+ 56. Kf2 Rxe4 57. h5 gxh5 58. gxh5 Rf4+ 59. Kg3 Rf8 60. Kh4 e4 61. h6 Ke3 62. Kh5 Kf2 63. Nh3+ Kg2 64. Ng5 e3 65. Ne6 Rf1 66. h7 e2 67. Kg5 e1=Q 68. Nf4+ Rxf4 69. h8=Q Qg3+ 0-1